00501nam a22001577a 4500003000900000005001700009008004100026040003300067082001500100100001900115245005300134260003500187300002200222504005000244650004900294BDDh-ASL20231015025630.0200907s1964 uuk||||| |||| 000 0 eng d aBDDh-ASLcBDDh-ASLdBDDh-ASL a207.2bNEH1 aNeill, Stephen12aA History of Christian Missions/cStephen Neill  aLondon:bPenguin Books,c1964. a528 p. :c20 cm.  aIncludes bibliographical references and index 0aChristian ExpansionxChristianismxReligion